It's Always Sunny Quiz - Statistics

General Stats
  • This quiz has been taken 1,098 times
    1,093 since last reset
  • The average score is 6 of 15
Answer Stats
Hint Answer % Correct
Which character is married to The Waitress in real life? Charlie
92%
What is Charlie's creepy Uncle's name? Jack
67%
What kind of cat did Dennis and Frank get? Junkyard
59%
What is Rickety Crickett's real name? Matthew Mara
56%
Which Philadelphia Phillie does Mac want as a father figure? Chase Utley
51%
Charlie is in love with a man, who is it? God
50%
What is the name of the bar Frank and his brother opened? Shadynasty's
44%
Where did Sweet Dee and Dennis go to college? Penn
34%
What is Mac's gang name? Pussy Hands
33%
What name does Sweet Dee use when she tries out for the Eagles? Cole
24%
Who is Charlie's underage Korean girlfriend? Sun-Li
21%
Where's your breath? In My Mouth
17%
What was the show originally going to be titled? It's Always Sunny on TV
15%
Dee has what kind of fingers? Bison
5%
What does Charlie say is "a legal tender"? Hummingbirds
5%
No matching quizzes found
Score Distribution
Percent of People with Each Score
Percentile by Number Answered
Your Score History
You have not taken this quiz since the last reset